[In quartum librum Epistolarum M. T. Ciceronis Argumenta, Annotationes grammaticae et scholia]

Bibliographic Details
Main Author: Melanchthon, Philipp, 1497-1560 (Author)
Format: Book
Language:Latin
PhysicalDescription:zachovaných 400 nečíslovaných listov 8° 16 cm
Subjects:

MARC

LEADER 00000nam a2200000 4500
001 vtls012066071
003 SK-MaSNL
005 20260301104128.0
008 210819k1500 gw f 000 0 lat
015 |a SNBHFA 
040 |a SNKHF  |b slo  |c SNKHF  |e rda 
041 0 |a lat 
044 |a xx  |c XX 
072 7 |a 81  |x Lingvistika. Jazyky  |2 konspekt 
080 |a 81  |2 2011 
080 |a 811.124  |2 2011 
080 |a 81`36  |2 2011 
100 1 |a Melanchthon, Philipp,  |d 1497-1560  |4 aut  |9 42142 
245 1 1 |a [In quartum librum Epistolarum M. T. Ciceronis Argumenta, Annotationes grammaticae et scholia] 
264 3 |a [Miesto tlače nie je známe]  |b [Tlačiar nie je známy]  |c [16. storočie] 
300 |a zachovaných 400 nečíslovaných listov  |c 8°  |c 16 cm 
336 |a text  |b txt  |2 rdacontent 
337 |a bez média  |b n  |2 rdamedia 
338 |a zväzok  |b nc  |2 rdacarrier 
500 |a Reprezentantky iniciálok na 2 riadky 
504 |a Kustody 
546 |a Latinčina  |b Antiqua  |b Kurzíva 
546 |a Gréčtina  |b Antiqua 
550 |a Názov doplnený podľa obsahu knihy 
562 |a Rukopisný exlibris: Possidet Samuel Rubuva.  |5 SNK ID 70476 
563 |a Väzba: svetlohnedá (béžová) pórovitá koža s ornamentálnou slepotlačou v ráme a na nároží plne reštaurovaná.  |5 SNK ID 70476 
650 0 7 |a lingvistika  |2 SNKPH  |9 860 
650 0 7 |a gramatika  |2 SNKPH  |9 865 
650 0 7 |a latinčina  |2 SNKPH  |9 3501 
700 1 |a Cicero, Marcus Tullius,  |d 106 pred Kr.-43 pred Kr.  |4 aqt  |4 ant  |9 53145 
852 |a snk  |p ID 70476 
958 |a DA 
958 |a ONDV 
999 |c 697304  |d 699234 
952 |t Tlače 16. storočia  |a SNK  |b SNK  |c SNK_HF  |y PREZ  |7 0  |p 17A1358928  |o snkID 70476  |i snkF 122/79  |0 0  |1 0  |4 0  |d 2021-08-19  |f 1  |l 0  |r 2026-02-23 20:46:17  |w 2026-02-23